Quel est ce Pokémon ? - Par images - Statistiques

Statistiques générales
  • Ce quiz a été pris 58 fois
  • Le résultat moyen est 9 sur 16
Statistiques - réponses
Par images Réponse % Correct
Salamèche
100%
Minidraco
88%
Arbok
82%
Givrali
82%
Leveinard
74%
Rocabot
70%
Otaquin
66%
Feuillajou
64%
Feuforêve
58%
Cupcanaille
50%
Pohmarmotte
44%
Mistigrix
40%
Goupilou
38%
Lumivole
34%
Bleuseille
30%
Pachyradjah
28%
Aucun quiz correspondant
Distribution des résultats
% des personnes avec chaque résultat
Percentile par nombre de réponses
Votre historique - résultats
Vous n’avez pas pris ce quiz